书目信息 |
| 题名: |
越跑越野
|
|
| 作者: | 曾华锋 著 | |
| 分册: | ||
| 出版信息: | 北京 北京联合出版公司 2016.12 |
|
| 页数: | 309页 | |
| 开本: | 24cm | |
| 丛书名: | ||
| 单 册: | ||
| 中图分类: | G822.4 , G82 | |
| 科图分类: | ||
| 主题词: | 越野跑--基本知识 | |
| 电子资源: | ||
| ISBN: | 978-7-5502-9374-8 | |
| 000 | 00958nam0 2200277 45 | |
| 001 | 489738 | |
| 005 | 20140818105642.0 | |
| 010 | @a978-7-5502-9374-8@dCNY49.80 | |
| 099 | @aCAL 012017027274 | |
| 100 | @a20170317d2016 em y0chiy0110 ea | |
| 101 | 0 | @achi |
| 102 | @aCN@b110000 | |
| 105 | @aab z 000yd | |
| 106 | @ar | |
| 200 | 1 | @a越跑越野@AYue Pao Yue Ye@f曾华锋著 |
| 210 | @a北京@c北京联合出版公司@d2016.12 | |
| 215 | @a309页@c彩图, 彩照, 地图@d24cm | |
| 312 | @a封面副题名:100-332公里的进击之路 | |
| 330 | @a本书写作历时十余年,由成吨的汗水浇灌而成,既有越野赛的经典战例,又有博采众家之长的技术攻略。由此,您可以了解到中国越野跑的历史和现状、“普通人用汗水和智慧凝结的力量同样可以穿石断金、超越平凡”的梦想之旅。 | |
| 517 | 1 | @a100-332公里的进击之路 |
| 606 | 0 | @a越野跑@x基本知识 |
| 690 | @aG822.4@v5 | |
| 690 | @aG82@v5 | |
| 701 | 0 | @a曾华锋@AZeng Hua Feng@4著 |
| 801 | @aCN@b江苏凤凰@c20211018 | |
| 905 | @b1356175-8@dG822.4@e194@f4 | |
| 越跑越野/曾华锋著.-北京:北京联合出版公司,2016.12 |
| 309页:彩图, 彩照, 地图;24cm |
| ISBN 978-7-5502-9374-8:CNY49.80 |
| 本书写作历时十余年,由成吨的汗水浇灌而成,既有越野赛的经典战例,又有博采众家之长的技术攻略。由此,您可以了解到中国越野跑的历史和现状、“普通人用汗水和智慧凝结的力量同样可以穿石断金、超越平凡”的梦想之旅。 |
| ● |
| 相关链接 |
|
|
|
|
正题名:越跑越野
索取号:G822.4/194
 
预约/预借
| 序号 | 登录号 | 条形码 | 馆藏地/架位号 | 状态 | 备注 |
| 1 | 1356175 | 213561750 | 第一样本阅览室/ [索取号:G822.4/194] | 在馆 | |
| 2 | 1356176 | 213561769 | 第四借阅区/ [索取号:G822.4/194] | 在馆 | |
| 3 | 1356177 | 213561778 | 第四借阅区/ [索取号:G822.4/194] | 在馆 | |
| 4 | 1356178 | 213561787 | 第四借阅区/ [索取号:G822.4/194] | 在馆 |